000 00438nam a2200169Ia 4500
003 GCL
008 140319s9999 xx 000 0 eng d
040 _aGCL /
_cGCL
082 0 4 _a738.3
_bH P
100 1 _aHARIE, LESLEY
245 1 0 _aPAINTING CERAMICS /
_cHARIE, LESLEY
700 1 _aWILLIS, SIMON
260 _a[S.N] :
_bCHARLES LETTS AND COMPANY LTD ،
_c1993
300 _a96 P
650 0 4 _aPAINTING - CERAMICS
942 _2ddc
_cBK
999 _c23928
_d23928